Score 0/25 Timer 05:00
4 Plays Today
% Correct
Gladiator
89.1%
Toy Story 3
87.2%
Hairspray
82.6%
The Lion King
79.9%
The Little Mermaid
79.6%
The Hunger Games
76.6%
Zootopia
71.3%
Fight Club
70.4%
Mulan
68.6%
Poltergeist
64.4%
The Wolf of Wall Street
60.6%
Monty Python and the Holy Grail
59.8%
The Grand Budapest Hotel
55.1%
% Correct
The Cabin in the Woods
53.8%
Casablanca
48.2%
Straight Outta Compton
48.1%
Chicago
46.1%
Nightcrawler
42.3%
American Beauty
37.2%
Trainspotting
34.8%
Doctor Strange
31.7%
Blazing Saddles
30.8%
Cast Away
21.7%
Kubo and the Two Strings
7.1%
The Science of Sleep
4.4%

You're not logged in!

Compare scores with friends on all Sporcle quizzes.
OR
Log In

Sporcle TV

Today on Sporcle TV


Watch our educational content, quiz creation guides, and fun videos on Sporcle TV.

Show Comments

Extras

Top Quizzes Today


Score Distribution

Your Account Isn't Verified!

In order to create a playlist on Sporcle, you need to verify the email address you used during registration. Go to your Sporcle Settings to finish the process.

Report this User

Report this user for behavior that violates our Community Guidelines.

Details: